000
00307nam a22001337a 4500
020
_a
81-7573-575-9
082
_a
920
_b
SIN/G
100
_a
SINHA,PUSHPA
245
_a
101 GREAT INDIANS
260
_a
INDIA
_b
TINY TOT PUBLICATIONS
_c
2010
300
_a
232
650
_a
ABOUT GREAT INDIANS
_z
INDIA
942
_c
BK
999
_c
6366
_d
6366